AC/DC Songs on the Billboard Hot 100 Chart (USA) - Statistics

General Stats
  • This quiz has been taken 155 times
  • The average score is 3 of 7
Answer Stats
Peak Chart Position, Year Answer % Correct
37, 1981 Back in Black
92%
47, 1979 Highway to Hell
89%
35, 1980 You Shook Me All Night Long
69%
23, 1991 Moneytalks
42%
65, 1993 Big Gun
21%
44, 1982 Let's Get it Up
9%
84, 1983 Guns For Hire
8%
No matching quizzes found
Score Distribution
Percent of People with Each Score
Percentile by Number Answered
Your Score History
You have not taken this quiz